[Event "Forcing Moves First Spring-2 U1900"]
[Site "Mississauga CAN"]
[Date "2023.05.28"]
[Round "4.7"]
[White "Liu, Zeyu"]
[Black "Cater, Brendan"]
[Result "0-1"]
[WhiteElo "1286"]
[BlackElo "1768"]
[PlyCount "104"]
[EventDate "2023.05.27"]
[EventType "swiss"]
[EventRounds "5"]
[EventCountry "CAN"]

1. d4 d5 2. Nc3 Nf6 3. Bf4 Bf5 4. e3 c6 5. Nf3 e6 6. Ne5 h6 7. g4 Bh7 8. h4 Bb4
9. Bd3 Ne4 10. Bxe4 Bxe4 11. f3 Bh7 12. g5 Be7 13. gxh6 Bxh4+ 14. Kd2 g5 15.
Qg1 Rg8 16. Bg3 f6 17. Ng4 Bxg3 18. Qxg3 Nd7 19. e4 Qb8 20. Qf2 Qf4+ 21. Qe3
Qxe3+ 22. Kxe3 Kf7 23. Rae1 f5 24. exf5 exf5 25. Nf2 Rae8+ 26. Kd2 Rxe1 27.
Rxe1 Rg6 28. Rh1 Re6 29. Nd3 f4 30. Nd1 Bxd3 31. Kxd3 Kg8 32. Rg1 Rg6 33. Nf2
Kh7 34. Ng4 Re6 35. c3 a6 36. Kd2 Re7 37. Re1 Rxe1 38. Kxe1 Kg6 39. Kd2 Nf6 40.
h7 Nxh7 41. Kd3 Nf6 42. Ne5+ Kh5 43. b3 Kh4 44. c4 g4 45. fxg4 Nxg4 46. Ke2 Kg3
47. Nf3 Nf6 48. Ne5 Ne4 49. Kf1 f3 50. Nd3 dxc4 51. bxc4 Nd2+ 52. Ke1 Nxc4 0-1

[Event "Forcing Moves First Spring-2 U1900"]
[Site "Mississauga CAN"]
[Date "2023.05.28"]
[Round "4.8"]
[White "Bala, Mehar"]
[Black "Patil, Tanishq"]
[Result "1-0"]
[WhiteElo "1203"]
[BlackElo "1535"]
[PlyCount "69"]
[EventDate "2023.05.27"]
[EventType "swiss"]
[EventRounds "5"]
[EventCountry "CAN"]

1. e4 c5 2. c3 d6 3. d4 cxd4 4. cxd4 Nf6 5. Nc3 a6 6. Nf3 e6 7. Bd3 Be7 8. O-O
O-O 9. Re1 Nbd7 10. a4 Qc7 11. Qc2 e5 12. dxe5 dxe5 13. Bg5 Re8 14. Nd5 Nxd5
15. exd5 Qxc2 16. Bxc2 Bxg5 17. Nxg5 h6 18. Ne4 Nf6 19. Nc3 Bd7 20. a5 Rab8 21.
Bb3 b5 22. f3 Nh7 23. Ne4 f6 24. d6+ Be6 25. d7 Re7 26. Red1 Rd8 27. Bxe6+ Rxe6
28. Rac1 Ng5 29. Nxg5 hxg5 30. Rc8 Rxc8 31. dxc8=Q+ Kh7 32. Qxe6 g4 33. Qf5+
Kg8 34. Qg6 gxf3 35. Rd8# 1-0

[Event "Forcing Moves First Spring-2 U1900"]
[Site "Mississauga CAN"]
[Date "2023.05.28"]
[Round "4.9"]
[White "Sekaran, Adithya"]
[Black "Narula, Japveer"]
[Result "1/2-1/2"]
[WhiteElo "1314"]
[BlackElo "1188"]
[PlyCount "63"]
[EventDate "2023.05.27"]
[EventType "swiss"]
[EventRounds "5"]
[EventCountry "CAN"]

1. c4 e5 2. g3 Nf6 3. Bg2 Nc6 4. e3 Bc5 5. Ne2 O-O 6. O-O d5 7. cxd5 Nxd5 8.
Nbc3 Be6 9. a3 Qd7 10. b4 Bb6 11. Bb2 a6 12. Qc2 Bf5 13. e4 Nxc3 14. Bxc3 Bh3
15. d3 Bxg2 16. Kxg2 Rad8 17. Rad1 Qe7 18. Qb2 Nd4 19. Nxd4 Bxd4 20. Bxd4 Rxd4
21. f4 Rfd8 22. Qb3 Qe6 23. Qc3 c6 24. f5 Qd6 25. Rf3 Rxe4 26. dxe4 Qxd1 27.
Qxe5 Rd2+ 28. Rf2 Rxf2+ 29. Kxf2 Qd2+ 30. Kg1 Qe1+ 31. Kg2 Qe2+ 32. Kh3 1/2-1/2

[Event "Forcing Moves First Spring-2 U1900"]
[Site "Mississauga CAN"]
[Date "2023.05.27"]
[Round "4.10"]
[White "Deepak, Laksshana"]
[Black "Guan, Isabelle"]
[Result "1-0"]
[WhiteElo "1666"]
[BlackElo "1326"]
[PlyCount "37"]
[EventDate "2023.05.27"]
[EventType "swiss"]
[EventRounds "5"]
[EventCountry "CAN"]

1. e4 e5 2. Nf3 Nc6 3. Nc3 Nf6 4. d4 Bb4 5. Nxe5 Nxe5 6. dxe5 Nxe4 7. Qd4 Nxc3
8. Qxb4 Nd5 9. Qb3 Ne7 10. Bc4 O-O 11. Bg5 d6 12. O-O-O Qd7 13. Rhe1 Ng6 14. e6
Qc6 15. Bd5 Qc5 16. e7 c6 17. Bxf7+ Rxf7 18. Qxf7+ Kxf7 19. e8=Q# 1-0

[Event "Forcing Moves First Spring-2 U1900"]
[Site "Mississauga CAN"]
[Date "2023.05.28"]
[Round "4.11"]
[White "Kabilar, Kesavar"]
[Black "Bi, William"]
[Result "1/2-1/2"]
[WhiteElo "1776"]
[BlackElo "1275"]
[PlyCount "72"]
[EventDate "2023.05.27"]
[EventType "swiss"]
[EventRounds "5"]
[EventCountry "CAN"]

1. e4 e5 2. Nf3 Nc6 3. Bc4 Bc5 4. Nc3 Nf6 5. d3 h6 6. Be3 Bb6 7. h3 d6 8. O-O
O-O 9. Qd2 Nd4 10. Bxd4 exd4 11. Ne2 c5 12. Nf4 Nd7 13. Nd5 Ne5 14. Nxe5 dxe5
15. f4 exf4 16. Qxf4 Be6 17. Rae1 Rc8 18. Rf2 Bc7 19. Qf3 Qg5 20. Nxc7 Bxc4 21.
Nd5 Bxd5 22. exd5 Rcd8 23. b3 Rxd5 24. h4 Qd8 25. Rfe2 b6 26. Qg4 Qd7 27. Qf3
Rf5 28. Qg3 Qc6 29. Re4 Rf6 30. h5 Re6 31. Rxe6 fxe6 32. Re4 Qd7 33. Rg4 Qf7
34. Rg6 Kh8 35. Qe1 e5 36. Qe2 Qf4 1/2-1/2

[Event "Forcing Moves First Spring-2 U1900"]
[Site "Mississauga CAN"]
[Date "2023.05.28"]
[Round "4.12"]
[White "Anish, Diganth"]
[Black "Hong, Zihan"]
[Result "1-0"]
[WhiteElo "1209"]
[BlackElo "1280"]
[PlyCount "135"]
[EventDate "2023.05.27"]
[EventType "swiss"]
[EventRounds "5"]
[EventCountry "CAN"]

1. e4 d5 2. exd5 Qxd5 3. Nc3 Qa5 4. d4 Nf6 5. Bd3 Bg4 6. Nge2 c6 7. Bd2 Qc7 8.
f3 Bh5 9. Bf4 Qd8 10. Ng3 Bg6 11. Bxg6 hxg6 12. Qd3 e6 13. O-O Bd6 14. Bxd6
Qxd6 15. Nce4 Nxe4 16. fxe4 Nd7 17. e5 Qe7 18. Qf3 f5 19. exf6 gxf6 20. Qg4
O-O-O 21. Rae1 Nf8 22. Ne2 f5 23. Qg3 g5 24. c3 f4 25. Qf3 Ng6 26. Nc1 Rdg8 27.
Qe4 Nf8 28. Nd3 Rh6 29. c4 Rgh8 30. h3 g4 31. Nxf4 gxh3 32. Nxh3 Qg7 33. Kh2
Rh4 34. Qe5 Qg4 35. Rf3 Qxd4 36. Qa5 Rg8 37. Qb4 Qg7 38. Re2 Nh7 39. Qd6 Ng5
40. Rg3 Rxh3+ 41. gxh3 Nf3+ 42. Kg2 Nh4+ 43. Kf2 Qf6+ 44. Ke1 Re8 45. Rf2 Qh6
46. Qd2 Qh5 47. Rd3 Rg8 48. Kf1 Qg6 49. Qc3 a6 50. Qd4 Nf5 51. Qd7+ Kb8 52. Rb3
Qg1+ 53. Ke2 Ng3+ 54. Ke3 Qe1+ 55. Kd3 Qd1+ 56. Rd2 Qf3+ 57. Kc2 Qe4+ 58. Kc1
Qxc4+ 59. Kd1 Qf1+ 60. Kc2 Qc4+ 61. Kb1 Qf1+ 62. Rd1 Qf5+ 63. Ka1 b5 64. Qxc6
Ne4 65. Qb6+ Kc8 66. Rc1+ Kd7 67. Rc7+ Ke8 68. Qb8# 1-0

[Event "Forcing Moves First Spring-2 U1900"]
[Site "Mississauga CAN"]
[Date "2023.05.28"]
[Round "4.14"]
[White "Surendran, Siddharth"]
[Black "Buscar, Bernard"]
[Result "1/2-1/2"]
[WhiteElo "946"]
[BlackElo "1558"]
[PlyCount "34"]
[EventDate "2023.05.27"]
[EventType "swiss"]
[EventRounds "5"]
[EventCountry "CAN"]

1. e4 c5 2. Nf3 d6 3. d4 cxd4 4. Nxd4 Nf6 5. Nc3 e6 6. Be3 Be7 7. Bc4 Nc6 8. f3
O-O 9. O-O a6 10. Qd2 Ne5 11. Bb3 Qc7 12. a4 Nc4 13. Qe2 Nxe3 14. Qxe3 Bd7 15.
Rad1 Rfe8 16. Kh1 Qa5 17. Rfe1 Nh5 1/2-1/2

[Event "Forcing Moves First Spring-2 U1900"]
[Site "Mississauga CAN"]
[Date "2023.05.28"]
[Round "4.15"]
[White "Kang, Richard"]
[Black "Arnold, Devin"]
[Result "1-0"]
[WhiteElo "1332"]
[BlackElo "1091"]
[PlyCount "60"]
[EventDate "2023.05.27"]
[EventType "swiss"]
[EventRounds "5"]
[EventCountry "CAN"]

1. d4 g6 2. c4 Bg7 3. Nc3 c5 4. d5 Bxc3+ 5. bxc3 f5 6. Nf3 d6 7. Bf4 Qa5 8. Qb3
Nd7 9. e3 Nb6 10. Bd3 Nf6 11. O-O O-O 12. Rfe1 Re8 13. Ng5 e5 14. dxe6 Bxe6 15.
e4 fxe4 16. Nxe4 Nxe4 17. Rxe4 Bf5 18. Rxe8+ Rxe8 19. Bxf5 gxf5 20. Bxd6 Re4
21. Bc7 Qa6 22. Qd1 Qxc4 23. Qd8+ Kg7 24. Qg5+ Kh8 25. Be5+ Rxe5 26. Qf6+ Kg8
27. Qxe5 Nd5 28. Qe6+ Kg7 29. Rd1 Nb6 30. Rd7+ Nxd7 1-0

[Event "Forcing Moves First Spring-2 U1900"]
[Site "Mississauga CAN"]
[Date "2023.05.28"]
[Round "4.16"]
[White "Bakradze, Joshua"]
[Black "Dembla, Shabd"]
[Result "1-0"]
[WhiteElo "1350"]
[BlackElo "1342"]
[PlyCount "29"]
[EventDate "2023.05.27"]
[EventType "swiss"]
[EventRounds "5"]
[EventCountry "CAN"]

1. e4 c5 2. Nf3 d6 3. d4 cxd4 4. Nxd4 Nf6 5. Nc3 g6 6. Be3 Bg7 7. f3 a6 8. Qd2
b5 9. Nb3 Bb7 10. O-O-O Nbd7 11. Bd3 Rc8 12. h4 Ne5 13. Kb1 Qc7 14. Nd5 Nxd3
15. Nxc7+ 1-0

[Event "Forcing Moves First Spring-2 U1900"]
[Site "Mississauga CAN"]
[Date "2023.05.28"]
[Round "4.17"]
[White "Gerard, Stephane"]
[Black "Langridge, Caleb"]
[Result "0-1"]
[WhiteElo "1292"]
[BlackElo "1252"]
[PlyCount "114"]
[EventDate "2023.05.27"]
[EventType "swiss"]
[EventRounds "5"]
[EventCountry "CAN"]

1. d4 d5 2. c4 c6 3. Nc3 Nf6 4. Nf3 Bf5 5. Bf4 e6 6. e3 Qb6 7. Qb3 Bb4 8. Be2
a5 9. O-O Nh5 10. c5 Qd8 11. Be5 O-O 12. Na4 Nd7 13. a3 b5 14. cxb6 Be7 15. Bc7
Qc8 16. Rac1 Qb7 17. Rc3 Rac8 18. Rfc1 Nhf6 19. Rxc6 Nb8 20. R6c3 Ne4 21. R3c2
Nd6 22. Bd3 Na6 23. Bxf5 exf5 24. Ne5 Nxc7 25. Rxc7 Rxc7 26. Rxc7 Rc8 27. Nc5
Rxc7 28. bxc7 Qxc7 29. Ned7 Nc4 30. Qb5 f4 31. e4 Nd6 32. Qb8+ Qxb8 33. Nxb8
Nxe4 34. Nxe4 dxe4 35. d5 Kf8 36. Nc6 a4 37. Nxe7 Kxe7 38. g3 g5 39. Kf1 Kd6
40. Ke2 Kxd5 41. Kd2 Kc4 42. gxf4 gxf4 43. h3 f5 44. h4 f3 45. Ke3 Kb3 46. Kf4
Kxb2 47. Kxf5 Kxa3 48. Kxe4 Kb3 49. Kxf3 a3 50. Kg4 a2 51. f4 a1=Q 52. Kg5 Qg1+
53. Kh6 Kc4 54. Kxh7 Kd5 55. h5 Ke6 56. f5+ Kf7 57. h6 Qg8# 0-1

[Event "Forcing Moves First Spring-2 U1900"]
[Site "Mississauga CAN"]
[Date "2023.05.28"]
[Round "5.6"]
[White "Cater, Brendan"]
[Black "Bala, Mehar"]
[Result "1-0"]
[WhiteElo "1768"]
[BlackElo "1203"]
[PlyCount "63"]
[EventDate "2023.05.27"]
[EventType "swiss"]
[EventRounds "5"]
[EventCountry "CAN"]

1. e4 c6 2. d4 d5 3. Nc3 dxe4 4. Nxe4 Nf6 5. Nxf6+ exf6 6. c3 Bf5 7. Bc4 Bd6 8.
Qf3 Qe7+ 9. Ne2 Be6 10. Bb3 Nd7 11. O-O O-O 12. Bc2 Rfe8 13. Ng3 Bd5 14. Qd3
Nf8 15. c4 Bxg3 16. cxd5 Bxh2+ 17. Kxh2 Qd6+ 18. Qg3 Qxd5 19. Be3 Rad8 20. Bb3
Qh5+ 21. Kg1 Re4 22. Bd1 Qb5 23. Bf3 Re7 24. b3 Ne6 25. Rfd1 Red7 26. Rd2 Qa5
27. Rad1 Nc7 28. Qg4 Nb5 29. d5 Nc3 30. dxc6 Nxd1 31. Rxd7 Rxd7 32. Qxd7 1-0

[Event "Forcing Moves First Spring-2 U1900"]
[Site "Mississauga CAN"]
[Date "2023.05.28"]
[Round "5.7"]
[White "Chowdavarapu, Nanda Sai Vinesh"]
[Black "Shah, Mustafa"]
[Result "1/2-1/2"]
[WhiteElo "1382"]
[BlackElo "1391"]
[PlyCount "154"]
[EventDate "2023.05.27"]
[EventType "swiss"]
[EventRounds "5"]
[EventCountry "CAN"]

1. d4 d5 2. Bf4 Nf6 3. e3 e6 4. c3 c6 5. Nf3 Nh5 6. Bg3 Nxg3 7. hxg3 h6 8. Bd3
Nd7 9. Nbd2 Be7 10. e4 dxe4 11. Nxe4 Nf6 12. Qe2 Nxe4 13. Qxe4 Bd7 14. Ne5 Bf6
15. Ng4 Qe7 16. O-O-O h5 17. Nxf6+ Qxf6 18. Qe2 g6 19. Kb1 O-O-O 20. Rh4 Rhe8
21. Re4 a6 22. Re5 Kb8 23. Be4 Bc8 24. Bf3 Rd7 25. Qc2 Red8 26. Qb3 Ka7 27. Qc4
Qxe5 28. dxe5 Rxd1+ 29. Bxd1 Rxd1+ 30. Kc2 Rd7 31. Qc5+ Kb8 32. Qf8 Kc7 33. Qb4
b6 34. g4 hxg4 35. Qxg4 Bb7 36. f4 c5 37. Qe2 a5 38. b4 axb4 39. cxb4 cxb4 40.
Qc4+ Bc6 41. g3 b5 42. Qxb4 Rd8 43. Qa5+ Kc8 44. Qa6+ Kc7 45. Qa7+ Bb7 46. Qa5+
Kc8 47. Qxb5 Be4+ 48. Kc3 Rd7 49. a4 Rc7+ 50. Kd4 Bc6 51. Qb4 Bd5 52. a5 Rc1
53. a6 Rd1+ 54. Kc5 Rc1+ 55. Kb6 Rc6+ 56. Ka5 Rc1 57. a7 Ra1+ 58. Kb6 Kd7 59.
g4 Ke8 60. Kc7 Rxa7+ 61. Kd6 Rd7+ 62. Kc5 Rc7+ 63. Kd4 Rc4+ 64. Qxc4 Bxc4 65.
Kxc4 Kd7 66. Kb5 Kc7 67. Kc5 Kd7 68. Kb6 Ke7 69. Kc7 Ke8 70. Kd6 Kd8 71. Kc6
Ke7 72. Kc7 Ke8 73. Kc6 Ke7 74. Kc5 Kd7 75. Kb6 Kd8 76. Kb7 Kd7 77. Kb8 Kd8
1/2-1/2

[Event "Forcing Moves First Spring-2 U1900"]
[Site "Mississauga CAN"]
[Date "2023.05.28"]
[Round "5.8"]
[White "Narula, Japveer"]
[Black "Deepak, Laksshana"]
[Result "0-1"]
[WhiteElo "1188"]
[BlackElo "1666"]
[PlyCount "72"]
[EventDate "2023.05.27"]
[EventType "swiss"]
[EventRounds "5"]
[EventCountry "CAN"]

1. e4 c5 2. Nf3 d6 3. d4 cxd4 4. Nxd4 Nf6 5. Nc3 a6 6. Be3 e5 7. Nb3 Be6 8. f3
Be7 9. Qd2 O-O 10. g4 d5 11. g5 d4 12. gxf6 Bxf6 13. Bf2 Bg5 14. Qd3 dxc3 15.
Qxc3 Bxb3 16. axb3 Nc6 17. Bc4 Rc8 18. Qd3 Qf6 19. c3 Rfd8 20. Qe2 Rd2 21. Qf1
Qxf3 22. Be2 Rxe2+ 23. Qxe2 Qxh1+ 24. Qf1 Qxe4+ 25. Qe2 Qxe2+ 26. Kxe2 Rd8 27.
Be3 Bxe3 28. Kxe3 f5 29. Rf1 f4+ 30. Ke4 Rd2 31. Kf5 g6+ 32. Kf6 Rd6+ 33. Kg5
Kg7 34. h4 h5 35. Rd1 Nd8 36. Rxd6 Nf7# 0-1

[Event "Forcing Moves First Spring-2 U1900"]
[Site "Mississauga CAN"]
[Date "2023.05.28"]
[Round "5.9"]
[White "Anish, Diganth"]
[Black "Sekaran, Adithya"]
[Result "1/2-1/2"]
[WhiteElo "1209"]
[BlackElo "1314"]
[PlyCount "74"]
[EventDate "2023.05.27"]
[EventType "swiss"]
[EventRounds "5"]
[EventCountry "CAN"]

1. e4 c6 2. d4 d5 3. e5 Bf5 4. h4 h5 5. Nc3 e6 6. Be2 Bg6 7. Nf3 Bb4 8. Bd2 Nd7
9. a3 Ba5 10. b4 Bb6 11. a4 a6 12. Rb1 Ne7 13. b5 axb5 14. axb5 Rb8 15. Na4 c5
16. Nxb6 Qxb6 17. Bc3 c4 18. Bb4 Nf5 19. Qd2 Ra8 20. Bc3 Ra4 21. O-O O-O 22.
Ra1 Rfa8 23. Rxa4 Rxa4 24. Rb1 Ra8 25. Qe1 Qd8 26. g3 Ne7 27. Qd1 Ra2 28. Ne1
Nb6 29. Bxh5 Bxh5 30. Qxh5 g6 31. Qd1 Nf5 32. Ra1 Rxa1 33. Qxa1 Qa8 34. Qa5
Qxa5 35. Bxa5 Nd7 36. c3 b6 37. Bb4 Kg7 1/2-1/2

[Event "Forcing Moves First Spring-2 U1900"]
[Site "Mississauga CAN"]
[Date "2023.05.28"]
[Round "5.10"]
[White "Patil, Tanishq"]
[Black "Kabilar, Kesavar"]
[Result "0-1"]
[WhiteElo "1535"]
[BlackElo "1776"]
[PlyCount "72"]
[EventDate "2023.05.27"]
[EventType "swiss"]
[EventRounds "5"]
[EventCountry "CAN"]

1. d4 Nf6 2. Bf4 e6 3. Nc3 Bb4 4. a3 Bxc3+ 5. bxc3 b6 6. e3 Bb7 7. Nf3 Ne4 8.
c4 O-O 9. Bd3 d6 10. O-O Nd7 11. c3 f5 12. Bxe4 Bxe4 13. h3 Nf6 14. Ng5 Qe8 15.
Nxe4 Nxe4 16. Qc2 e5 17. Bh2 Qe6 18. f3 Nf6 19. Rfd1 exd4 20. exd4 Qxc4 21.
Qxf5 Qxc3 22. Qe6+ Kh8 23. Qe2 Rae8 24. Qa6 Nd5 25. Rac1 Qb2 26. Rb1 Qa2 27.
Ra1 Qb3 28. Qxa7 Re2 29. Kh1 Ne3 30. Rg1 Qb2 31. Rab1 Qd2 32. Qxc7 Rxg2 33. Bg3
Qe2 34. Qxd6 Rh2+ 35. Bxh2 Qxf3+ 36. Rg2 Qxg2# 0-1

[Event "Forcing Moves First Spring-2 U1900"]
[Site "Mississauga CAN"]
[Date "2023.05.28"]
[Round "5.11"]
[White "Bi, William"]
[Black "Kang, Richard"]
[Result "1/2-1/2"]
[WhiteElo "1275"]
[BlackElo "1332"]
[PlyCount "51"]
[EventDate "2023.05.27"]
[EventType "swiss"]
[EventRounds "5"]
[EventCountry "CAN"]

1. e4 c6 2. d4 d5 3. exd5 cxd5 4. c4 Nf6 5. Nc3 Nc6 6. Nf3 Bg4 7. Be2 e6 8. Bg5
Be7 9. O-O dxc4 10. Bxc4 O-O 11. Be3 Rc8 12. Bb3 Na5 13. Bc2 Nc4 14. Rb1 Nd5
15. Nxd5 Qxd5 16. Bb3 Qh5 17. Bxc4 Rxc4 18. h3 Bxf3 19. Qxf3 Qxf3 20. gxf3 Bf6
21. Rfd1 Rd8 22. b3 Rc2 23. a4 a6 24. Rbc1 Rb2 25. Rd3 Kf8 26. Rc7 1/2-1/2

[Event "Forcing Moves First Spring-2 U1900"]
[Site "Mississauga CAN"]
[Date "2023.05.28"]
[Round "5.12"]
[White "Guan, Isabelle"]
[Black "Liu, Zeyu"]
[Result "0-1"]
[WhiteElo "1326"]
[BlackElo "1286"]
[PlyCount "90"]
[EventDate "2023.05.27"]
[EventType "swiss"]
[EventRounds "5"]
[EventCountry "CAN"]

1. e4 c5 2. Nf3 a6 3. d4 cxd4 4. Nxd4 Nf6 5. Nc3 e5 6. Nf3 Bb4 7. Bd3 d5 8.
exd5 e4 9. Qe2 O-O 10. Bc4 Bxc3+ 11. bxc3 exf3 12. Qxf3 Re8+ 13. Be3 Qc7 14.
Bb3 Qxc3+ 15. Kf1 Qxa1+ 16. Ke2 Qxh1 17. h3 Qh2 18. Ba4 Bd7 19. Bb3 Qe5 20. d6
Bc6 21. Qg3 Qxg3 22. fxg3 Nd5 23. Bxd5 Bxd5 24. Kf2 Rxe3 25. Kxe3 Nc6 26. d7
Rd8 27. g4 Rxd7 28. g5 Bxg2 29. h4 f6 30. a4 fxg5 31. hxg5 g6 32. c4 Rd4 33. c5
Rxa4 34. Kf2 Bd5 35. Ke3 Ra5 36. Kd3 Rxc5 37. Kd2 a5 38. Kd3 a4 39. Kd2 a3 40.
Kd3 a2 41. Kd2 a1=Q 42. Kd3 Qc3+ 43. Ke2 Rb5 44. Kf2 Rb2+ 45. Kf1 Qc1# 0-1

[Event "Forcing Moves First Spring-2 U1900"]
[Site "Mississauga CAN"]
[Date "2023.05.28"]
[Round "5.14"]
[White "Hong, Zihan"]
[Black "Surendran, Siddharth"]
[Result "1-0"]
[WhiteElo "1280"]
[BlackElo "946"]
[PlyCount "55"]
[EventDate "2023.05.27"]
[EventType "swiss"]
[EventRounds "5"]
[EventCountry "CAN"]

1. d4 Nf6 2. Nf3 e6 3. c4 d5 4. Nc3 Nbd7 5. Bg5 Be7 6. e3 c6 7. Qc2 O-O 8. cxd5
exd5 9. Bd3 h6 10. Bf4 Nh5 11. Bg3 Re8 12. O-O-O b5 13. Nxd5 cxd5 14. Bc7 Bb7
15. Bxd8 Rc8 16. Bc7 Rxc7 17. Qxc7 Rc8 18. Qxc8+ Bxc8 19. Kb1 Nb6 20. Rc1 Be6
21. Rc7 Bf6 22. Rhc1 Bd8 23. Rxa7 Nf6 24. Rb7 Bc8 25. Rxb6 Bxb6 26. Rxc8+ Bd8
27. Rxd8+ Ne8 28. Rxe8# 1-0

[Event "Forcing Moves First Spring-2 U1900"]
[Site "Mississauga CAN"]
[Date "2023.05.28"]
[Round "5.15"]
[White "Arnold, Devin"]
[Black "Langridge, Caleb"]
[Result "1-0"]
[WhiteElo "1091"]
[BlackElo "1252"]
[PlyCount "21"]
[EventDate "2023.05.27"]
[EventType "swiss"]
[EventRounds "5"]
[EventCountry "CAN"]

1. Nf3 Nc6 2. e4 e5 3. Bc4 Nf6 4. Ng5 d5 5. exd5 b5 6. Bb3 Nxd5 7. Nxf7 Kxf7 8.
Qf3+ Ke6 9. Nc3 Nce7 10. Ne4 Ng6 11. Ng5+ 1-0

[Event "Forcing Moves First Spring-2 U1900"]
[Site "Mississauga CAN"]
[Date "2023.05.28"]
[Round "5.16"]
[White "Dembla, Shabd"]
[Black "Gerard, Stephane"]
[Result "1/2-1/2"]
[WhiteElo "1342"]
[BlackElo "1292"]
[PlyCount "86"]
[EventDate "2023.05.27"]
[EventType "swiss"]
[EventRounds "5"]
[EventCountry "CAN"]

1. e4 e5 2. Nf3 Nc6 3. d4 exd4 4. Bc4 d6 5. Nxd4 Ne5 6. Be2 Nf6 7. Nc3 Be7 8.
O-O O-O 9. Be3 Bg4 10. h3 Be6 11. Nxe6 fxe6 12. f4 Nc6 13. Bc4 d5 14. exd5 Na5
15. Bb3 Nxb3 16. axb3 exd5 17. Bd4 c5 18. Bxf6 Bxf6 19. Qxd5+ Qxd5 20. Nxd5
Bxb2 21. Rab1 Bd4+ 22. Kh1 Rf7 23. c3 Rd8 24. c4 Rdf8 25. Rbe1 g5 26. f5 Kh8
27. g4 h5 28. Re6 hxg4 29. hxg4 Rh7+ 30. Kg2 Rh4 31. Rh1 Rf7 32. Rxh4+ gxh4 33.
Rh6+ Rh7 34. Rxh7+ Kxh7 35. Kh3 a6 36. Kxh4 b5 37. Nb6 Kh6 38. g5+ Kg7 39. Kg4
Be5 40. g6 Bc7 41. Nd7 bxc4 42. bxc4 Bd6 43. Kg5 a5 1/2-1/2

[Event "Forcing Moves First Spring-3 Section 1"]
[Site "Mississauga CAN"]
[Date "2023.06.24"]
[Round "1.1"]
[White "Desai, Kahan"]
[Black "Li, William"]
[Result "0-1"]
[WhiteElo "1695"]
[BlackElo "2285"]
[PlyCount "164"]
[EventDate "2023.06.24"]
[EventType "swiss"]
[EventRounds "5"]
[EventCountry "CAN"]

1. e4 c5 2. Nf3 d6 3. g3 Nf6 4. d3 Nc6 5. Bg2 e5 6. Nc3 Be7 7. Nd2 Bg4 8. f3
Be6 9. O-O h5 10. Nc4 h4 11. Ne3 hxg3 12. hxg3 Nh5 13. Qe1 Nd4 14. Ncd5 Nxg3
15. Rf2 Bh4 16. c3 Nc6 17. Qd1 Nh5 18. Rc2 Bg3 19. Nf1 Bxd5 20. exd5 Ne7 21. d4
Ng6 22. Nxg3 Nxg3 23. dxe5 Qh4 24. exd6 O-O-O 25. Be3 Qh2+ 26. Kf2 Nf5 27. Qd3
Ngh4 28. Rg1 Rhe8 29. Re2 Qxd6 30. b4 Nxe3 31. Rxe3 Rxe3 32. Qxe3 Qxd5 33. Bh3+
f5 34. Qxc5+ Qxc5+ 35. bxc5 Rd3 36. Rg3 Rxc3 37. f4 Rc2+ 38. Ke3 Rxc5 39. Kd4
Ra5 40. Rxg7 Nf3+ 41. Kc4 Ra4+ 42. Kd5 Rxf4 43. Ke6 Rh4 44. Bxf5 Nd4+ 45. Ke5+
Nxf5 46. Kxf5 Rh2 47. a4 Rh4 48. Ke6 Rxa4 49. Kd6 Rd4+ 50. Kc5 Rd7 51. Rg4 Kc7
52. Kc4 Kc6 53. Rg5 b6 54. Rg6+ Rd6 55. Rg5 a6 56. Rh5 b5+ 57. Kb4 Kb6 58. Rg5
a5+ 59. Kc3 Rc6+ 60. Kb3 a4+ 61. Kb4 Rc4+ 62. Ka3 Ka5 63. Rh5 Rc3+ 64. Kb2 Rb3+
65. Ka2 Rg3 66. Rf5 a3 67. Rh5 Ka4 68. Rh4+ b4 69. Rf4 Rg2+ 70. Ka1 Rc2 71. Rf1
b3 72. Rf4+ Kb5 73. Rf1 Kb4 74. Rf4+ Rc4 75. Rf1 Rd4 76. Rg1 Rc4 77. Rf1 b2+
78. Ka2 Rc1 79. Rf4+ Kc5 80. Rf5+ Kd6 81. Rf6+ Ke7 82. Kxa3 Kxf6 0-1

[Event "Forcing Moves First Spring-3 Section 1"]
[Site "Mississauga CAN"]
[Date "2023.06.24"]
[Round "1.3"]
[White "Deepak, Laksshana"]
[Black "Moon, Ethan"]
[Result "0-1"]
[WhiteElo "1660"]
[BlackElo "2132"]
[PlyCount "96"]
[EventDate "2023.06.24"]
[EventType "swiss"]
[EventRounds "5"]
[EventCountry "CAN"]

1. e4 c5 2. Nf3 e6 3. b3 Nc6 4. Bb2 a6 5. c4 Qc7 6. g3 e5 7. Nc3 d6 8. Nd5 Qd8
9. Ne3 Nf6 10. d3 Be7 11. Bg2 b5 12. O-O O-O 13. Nd2 h5 14. Nd5 h4 15. Nxe7+
Qxe7 16. gxh4 Nd4 17. Bxd4 cxd4 18. Kh1 Bg4 19. Bf3 Bh3 20. Rg1 Nh7 21. h5 Qh4
22. Rg3 Ng5 23. Bg4 Bxg4 24. Qxg4 Qxg4 25. Rxg4 Ne6 26. Rag1 Kh7 27. Nf3 bxc4
28. dxc4 f5 29. exf5 Rxf5 30. Ng5+ Nxg5 31. Rxg5 Rf7 32. Kg2 Raf8 33. Rf1 Rf6
34. c5 dxc5 35. Rxe5 Rf5 36. f4 Kh6 37. Rxf5 Rxf5 38. Kf3 Rxh5 39. Rf2 Kg6 40.
Ke4 Kf6 41. b4 cxb4 42. Kxd4 Rh3 43. Kc4 a5 44. a4 bxa3 45. Kb5 Rb3+ 46. Kxa5
Rb2 47. Rf3 a2 48. Ra3 Rb8 0-1

[Event "Forcing Moves First Spring-3 Section 1"]
[Site "Mississauga CAN"]
[Date "2023.06.24"]
[Round "1.6"]
[White "Brajkovic, Nikola"]
[Black "Dembla, Shabd"]
[Result "1-0"]
[WhiteElo "1994"]
[BlackElo "1501"]
[PlyCount "47"]
[EventDate "2023.06.24"]
[EventType "swiss"]
[EventRounds "5"]
[EventCountry "CAN"]

1. d4 d5 2. Nf3 Nf6 3. g3 Bf5 4. Bg2 e6 5. b3 Bd6 6. Bb2 Nbd7 7. Nbd2 c5 8. c4
O-O 9. O-O Rc8 10. Nh4 Bg6 11. Rc1 Qa5 12. Bc3 Qb6 13. Nxg6 hxg6 14. e3 Rfd8
15. Rc2 cxd4 16. exd4 Bb4 17. Qa1 a5 18. Qb2 Nb8 19. Ra1 Na6 20. a3 Bxc3 21.
Qxc3 Qc7 22. c5 b6 23. Bf1 Qb7 24. Rac1 1-0

[Event "Forcing Moves First Spring-3 Section 1"]
[Site "Mississauga CAN"]
[Date "2023.06.24"]
[Round "1.8"]
[White "Furrow, Matthew"]
[Black "Pillai, Karma"]
[Result "1-0"]
[WhiteElo "1825"]
[BlackElo "1500"]
[PlyCount "95"]
[EventDate "2023.06.24"]
[EventType "swiss"]
[EventRounds "5"]
[EventCountry "CAN"]

1. d4 d5 2. c4 e6 3. Nc3 Nf6 4. cxd5 exd5 5. Bg5 Be7 6. e3 O-O 7. Bd3 h6 8. Bh4
Re8 9. Nge2 a6 10. Rc1 Bg4 11. f3 Be6 12. O-O Nc6 13. a3 Nh7 14. Bf2 Bf6 15.
Qc2 Nf8 16. b4 Na7 17. e4 dxe4 18. fxe4 c6 19. Rcd1 b5 20. e5 Bg5 21. Ne4 Be7
22. Nc5 Bxc5 23. Qxc5 Bd5 24. Nf4 Ne6 25. Qc1 Nxf4 26. Qxf4 Nc8 27. Be3 Ne7 28.
Qg3 Kh8 29. Rf4 Ng8 30. Rdf1 Re7 31. Be4 Bxe4 32. Rxe4 f6 33. Rg4 fxe5 34. dxe5
Qc7 35. Bc5 Rf7 36. Rxf7 Qxf7 37. Qf3 Qe6 38. Qg3 g5 39. Rd4 Rc8 40. Rd6 Qc4
41. Qe1 Qb3 42. e6 Qxa3 43. Qe5+ Kh7 44. Qf5+ Kh8 45. Bd4+ Nf6 46. Bxf6+ Kg8
47. Qg6+ Kf8 48. Qf7# 1-0

[Event "Forcing Moves First Spring-3 Section 1"]
[Site "Mississauga CAN"]
[Date "2023.06.24"]
[Round "1.9"]
[White "Liu, Zeyu"]
[Black "Xie, Irene"]
[Result "1/2-1/2"]
[WhiteElo "1488"]
[BlackElo "1750"]
[PlyCount "53"]
[EventDate "2023.06.24"]
[EventType "swiss"]
[EventRounds "5"]
[EventCountry "CAN"]

1. d4 e6 2. Nc3 d5 3. Bf4 Bd6 4. e3 Bxf4 5. exf4 Ne7 6. Nf3 Nd7 7. Bd3 c5 8.
dxc5 Nxc5 9. Be2 O-O 10. O-O b6 11. Nd4 Bb7 12. Bf3 Qd7 13. Re1 Rfe8 14. b4 Na6
15. a3 Rac8 16. Qd2 Nc6 17. Re3 Nxd4 18. Qxd4 Rc4 19. Qd3 Rec8 20. Ne2 Rxc2 21.
Be4 Qc7 22. Bxh7+ Kf8 23. Re1 Rc4 24. Rh3 Qe7 25. Qg3 Qf6 26. Bd3 R4c7 27. f5
1/2-1/2